| 000 | 00478nam a2200169Ia 4500 | ||
|---|---|---|---|
| 001 | 8689 | ||
| 003 | GE_BSU | ||
| 008 | 181216s||||||||xx |||||||||||||| ||und|| | ||
| 040 | _cGE_BSU | ||
| 245 | _aСоциально-гуманитарные знания.№6. 2013 | ||
| 245 | _cгл. ред.Миронов А.В. | ||
| 260 | _aМосква | ||
| 260 | _c2013 | ||
| 300 | _a364стр.20см. | ||
| 653 | _aСоциально-гуманитарные знания | ||
| 942 | _cCR | ||
| 999 |
_c42003 _d42003 |
||